Los caminos del mundo

Збережено в:
Бібліографічні деталі
Автор: Baroja, Pío (Автор)
Формат: Книга
Мова:Іспанська
Опубліковано: Madrid Caro Raggio 1976
Серія:Memorias de un Hombre de Acción, 3
Предмети:
Теги: Додати тег
Немає тегів, Будьте першим, хто поставить тег для цього запису!

MARC

LEADER 00000nam a2200000 a 4500
001 UCQ5551
003 CL-VaPUC
008 981002e19760000SP |||||||||||||||||spa|d
082 0 4 |a 863  |b BAR  |2 21 
100 0 |a Baroja, Pío  |e author  |9 322211 
245 1 4 |a Los caminos del mundo 
300 |a 295 p 
942 |c BK 
945 |d 19981002 00:00:00  |a crobeson 
260 |a Madrid  |b Caro Raggio  |c 1976 
650 0 |a Novelas españolas  |9 265052 
650 0 |a Literatura española  |9 306261 
583 |a last modification  |c 19981002 00:00:00  |k Rodrigo Vera 
490 0 |a Memorias de un Hombre de Acción, 3 
999 |c 275758  |d 275756 
952 |0 0  |1 0  |4 0  |6 863_000000000000000_BAR_1976  |7 0  |8 A  |9 312574  |a BIBEDU  |b BIBEDU  |d 2019-11-20  |i 1473425  |o 863 BAR 1976  |p 1473425  |r 2019-11-20  |w 2019-11-20  |y BK  |k LIT